Anh hùng kiếm
Đã lưu trong:
| 主要作者: | |
|---|---|
| 格式: | 圖書 |
| 語言: | Undetermined |
| 出版: |
Thanh Hóa
Nxb Thanh Hóa
2009
|
| 主題: | |
| 標簽: |
添加標簽
沒有標簽, 成為第一個標記此記錄!
|
| Thư viện lưu trữ: | Trung tâm Học liệu Trường Đại học Cần Thơ |
|---|
| LEADER | 00545nam a2200193Ia 4500 | ||
|---|---|---|---|
| 001 | CTU_151396 | ||
| 008 | 210402s9999 xx 000 0 und d | ||
| 020 | |c 42000 | ||
| 082 | |a 895.13 | ||
| 082 | |b S312/T.6 | ||
| 100 | |a Ngọa, Long Sinh | ||
| 245 | 0 | |a Anh hùng kiếm | |
| 245 | 0 | |c Ngọa Long Sinh | |
| 260 | |a Thanh Hóa | ||
| 260 | |b Nxb Thanh Hóa | ||
| 260 | |c 2009 | ||
| 650 | |a Chinese fiction,Tiểu thuyết cổ điển Trung Quốc | ||
| 904 | |i Năm | ||
| 980 | |a Trung tâm Học liệu Trường Đại học Cần Thơ | ||